| Tag |
First Indicator |
Second Indicator |
Subfields |
| LEADER |
00000cam a2200000Ma 4500 |
| 001 |
in00004534521 |
| 005 |
20190418084258.0 |
| 006 |
m d |
| 007 |
cr cn||||||||| |
| 008 |
061124s2007 maua ob 001 0 eng d |
| 019 |
|
|
|a 156913671
|
| 020 |
|
|
|a 9781845932503 (alk. paper)
|
| 020 |
|
|
|a 1845932501 (alk. paper)
|
| 020 |
|
|
|a 9781845932510 (electronic bk.)
|
| 020 |
|
|
|a 184593251X (electronic bk.)
|
| 035 |
|
|
|a (OCoLC)ocn182530618
|
| 035 |
|
|
|a (OCoLC)182530618
|z (OCoLC)156913671
|
| 035 |
|
|
|z (UtOrBLW)71799
|
| 035 |
|
|
|a 100130
|
| 040 |
|
|
|a COCUF
|b eng
|c COCUF
|d OCLCQ
|d N$T
|d YDXCP
|d OCLCQ
|d MERUC
|d OCLCQ
|d OCLCA
|d OCLCF
|d UIU
|d TMV
|d UtOrBLW
|
| 049 |
|
|
|a TMVM
|
| 050 |
|
4 |
|a SD373
|b .C665 2007eb
|
| 060 |
|
4 |
|a SD 373
|b C951 2007eb
|
| 082 |
0 |
4 |
|a 634.9
|2 22
|
| 245 |
0 |
0 |
|a Cross-sectoral policy developments in forestry /
|c edited by Y.C. Dube and F. Schmithusen.
|
| 264 |
|
1 |
|a Cambridge, MA :
|b CABI Pub.,
|c 2007.
|
| 300 |
|
|
|a 1 online resource (xvii, 264 pages) :
|b illustrations
|
| 336 |
|
|
|a text
|b txt
|2 rdacontent
|
| 337 |
|
|
|a computer
|b c
|2 rdamedia
|
| 338 |
|
|
|a online resource
|b cr
|2 rdacarrier
|
| 500 |
|
|
|a Description based on opening page (viewed Mar. 23, 2015).
|
| 504 |
|
|
|a Includes bibliographical references and index.
|
| 505 |
0 |
|
|a Contributors; Preface; Introduction; I: GLOBAL ASPECTS; 1 Cross-sectoral Tropical Forest Cover Impacts: What Matters?; 2 The Role of Decentralization in Integrating Cross-sectoral Demands on Forests; 3 Wood-product Trade and Policy Issues; 4 Ecosystem Approaches to Sustainable Forest Management: Changing Realities; 5 Agriculture and Forestry: Enhancing Cross-sectoral Policy Planning; 6 Policy Impact of the Kyoto Protocol on Sustainable Forest Management
|
| 520 |
|
|
|a Forestry practices are closely linked to decisions that address measures on climate change, biodiversity and the institutional framework for sustainable development. This book documents the progress made in creating the political, economic and social conditions that are necessary for a sustainable and multifunctional use of forest resources.
|
| 506 |
|
|
|a This title is restricted to authorized TAMU and TAMHSC users.
|
| 588 |
|
|
|a Description based on print version record.
|
| 500 |
|
|
|a Electronic resource.
|
| 650 |
|
0 |
|a Forests and forestry.
|0 http://id.loc.gov/authorities/subjects/sh85050707
|
| 650 |
|
0 |
|a Forest policy.
|0 http://id.loc.gov/authorities/subjects/sh85050611
|
| 650 |
|
0 |
|a Forest management.
|0 http://id.loc.gov/authorities/subjects/sh85050603
|
| 650 |
|
2 |
|a Forestry.
|0 https://id.nlm.nih.gov/mesh/D016468
|
| 650 |
|
2 |
|a Conservation of Natural Resources.
|0 https://id.nlm.nih.gov/mesh/D003247
|
| 655 |
|
7 |
|a Ebooks.
|2 local
|
| 655 |
|
7 |
|a Electronic books.
|2 local
|
| 650 |
|
7 |
|a Forest management.
|2 fast
|0 (OCoLC)fst00932231
|
| 650 |
|
7 |
|a Forest policy.
|2 fast
|0 (OCoLC)fst00932311
|
| 650 |
|
7 |
|a Forests and forestry.
|2 fast
|0 (OCoLC)fst00932632
|
| 655 |
|
4 |
|a Electronic books.
|
| 700 |
1 |
|
|a Dubé, Yves C.
|0 http://id.loc.gov/authorities/names/no00103365
|
| 700 |
1 |
|
|a Schmithüsen, Franz.
|0 http://id.loc.gov/authorities/names/n86091873
|
| 776 |
0 |
8 |
|i Print version:
|t Cross-sectoral policy developments in forestry.
|d Cambridge, MA : CABI Pub., 2007
|w (DLC) 2006039238
|
| 856 |
4 |
0 |
|u http://proxy.library.tamu.edu/login?url=http://dx.doi.org/10.1079/9781845932503.0000
|z Connect to the full text of this electronic book
|t 0
|
| 999 |
|
|
|a MARS
|
| 999 |
f |
f |
|s 8870c4b2-e458-32a0-9afe-60cb3f31bf82
|i 5deeaefb-2b7e-311a-9c34-badb93809e31
|t 0
|
| 952 |
f |
f |
|a Texas A&M University
|b College Station
|c Electronic Resources
|d Available Online
|t 0
|e SD 373 C951 2007eb
|h National Library of Medicine classification
|
| 998 |
f |
f |
|a SD 373 C951 2007eb
|t 0
|l Available Online
|